| 000 | 00893cam a2200229 4500 | ||
|---|---|---|---|
| 001 | WB3618-25 | ||
| 008 | 000000n2000 000 0 eng u | ||
| 035 | _a(Sirsi) u105870 | ||
| 245 | _aBridge spans gap and shapes future | ||
| 260 | _c2000 | ||
| 490 |
_aFinancial Times _v 9 May 2000, 18(1) |
||
| 520 | _aRejuvenation of London's South Bank and realisation of a need to redefine 'Central' London is signified by the establishment of a Cross River Partnership of local authorities; and an unveiling of proposals from three consortia to remodel the Elephant and Castle and three other regeneration nodes - Waterloo, Vauxhall and London Bridge. | ||
| 590 | _aWB | ||
| 650 | _aFUTURE | ||
| 650 | _aLONDON | ||
| 650 | _aVISITOR ATTRACTIONS | ||
| 650 | _aSOUTH LONDON | ||
| 650 | _aCROSS RIVER PARTNERSHIP | ||
| 650 | _aSOUTH BANK OF LONDON | ||
| 690 | _aREGENERATION | ||
| 942 | _n0 | ||
| 999 |
_c63396 _d63396 |
||